000 00332nam a22001457a 4500
008 210222b ||||| |||| 00| 0 eng d
020 _a9780768907186
041 _aeng
080 _a573
082 _a573
100 _a11
101 _aBIO
245 _aAp* Success Biology
_cFreeman, D Chenery, G & Nishan, J
942 _2udc
_cBK
999 _c55100
_d55100